Statistics for All 898 Pokémon Quiz Reordered

Click here to take the quiz!

General Stats

  • This quiz has been taken 20 times
  • The average score is 218 of 898

Answer Stats

Pokémon% Correct
Pikachu
71%
Bulbasaur
64%
Charizard
64%
Charmander
64%
Blastoise
57%
Caterpie
57%
Charmeleon
57%
Dragonair
57%
Dragonite
57%
Dratini
57%
Gloom
57%
Ivysaur
57%
Jigglypuff
57%
Leafeon
57%
Raichu
57%
Squirtle
57%
Wartortle
57%
Abra
50%
Alakazam
50%
Arbok
50%
Articuno
50%
Beedrill
50%
Bellsprout
50%
Blissey
50%
Chansey
50%
Clefable
50%
Clefairy
50%
Crobat
50%
Eevee
50%
Ekans
50%
Electabuzz
50%
Elekid
50%
Espeon
50%
Flareon
50%
Geodude
50%
Glaceon
50%
Golbat
50%
Golem
50%
Graveler
50%
Ho-Oh
50%
Jolteon
50%
Kadabra
50%
Kakuna
50%
Kingler
50%
Krabby
50%
Lapras
50%
Luxio
50%
Luxray
50%
Machamp
50%
Machoke
50%
Machop
50%
Magby
50%
Magikarp
50%
Magmar
50%
Meowth
50%
Metapod
50%
Mew
50%
Mewtwo
50%
Moltres
50%
Mr. Mime
50%
Oddish
50%
Onix
50%
Persian
50%
Pichu
50%
Pidgeot
50%
Pidgeotto
50%
Pidgey
50%
Poliwag
50%
Poliwrath
50%
Porygon
50%
Porygon2
50%
Porygon-Z
50%
Sandslash
50%
Seaking
50%
Shinx
50%
Steelix
50%
Sylveon
50%
Togekiss
50%
Togepi
50%
Togetic
50%
Umbreon
50%
Venusaur
50%
Vileplume
50%
Vulpix
50%
Weedle
50%
Weepinbell
50%
Wigglytuff
50%
Zapdos
50%
Zubat
50%
Aipom
43%
Arcanine
43%
Bayleef
43%
Bellossom
43%
Butterfree
43%
Chikorita
43%
Chimchar
43%
Cleffa
43%
Croconaw
43%
Cubone
43%
Cyndaquil
43%
Diglett
43%
Drowzee
43%
Dugtrio
43%
Electrode
43%
Fearow
43%
Feraligatr
43%
Gastly
43%
Gengar
43%
Goldeen
43%
Growlithe
43%
Gyarados
43%
Haunter
43%
Hitmonchan
43%
Hitmonlee
43%
Hitmontop
43%
Honchkrow
43%
Horsea
43%
Houndoom
43%
Houndour
43%
Hypno
43%
Igglybuff
43%
Infernape
43%
Kangaskhan
43%
Kingdra
43%
Lugia
43%
Magmortar
43%
Magnemite
43%
Magneton
43%
Magnezone
43%
Mankey
43%
Marowak
43%
Mime Jr.
43%
Munchlax
43%
Murkrow
43%
Nidoking
43%
Nidoqueen
43%
Nidoran♂
43%
Nidoran♀
43%
Nidorina
43%
Nidorino
43%
Ninetales
43%
Paras
43%
Parasect
43%
Poliwhirl
43%
Ponyta
43%
Primeape
43%
Quilava
43%
Rapidash
43%
Rhydon
43%
Rhyhorn
43%
Rhyperior
43%
Roselia
43%
Sandshrew
43%
Scizor
43%
Scyther
43%
Seadra
43%
Shellder
43%
Snorlax
43%
Spearow
43%
Starmie
43%
Tentacool
43%
Tentacruel
43%
Typhlosion
43%
Tyrogue
43%
Vaporeon
43%
Victreebel
43%
Voltorb
43%
Aerodactyl
36%
Aggron
36%
Ambipom
36%
Ampharos
36%
Ariados
36%
Aron
36%
Beautifly
36%
Bonsly
36%
Budew
36%
Cascoon
36%
Celebi
36%
Cloyster
36%
Darkrai
36%
Dewgong
36%
Dialga
36%
Dodrio
36%
Doduo
36%
Dustox
36%
Electivire
36%
Empoleon
36%
Entei
36%
Farfetch’d
36%
Flaaffy
36%
Froslass
36%
Gallade
36%
Gardevoir
36%
Giratina
36%
Grotle
36%
Grovyle
36%
Happiny
36%
Jynx
36%
Kabuto
36%
Kabutops
36%
Kirlia
36%
Lairon
36%
Larvitar
36%
Ledian
36%
Ledyba
36%
Mareep
36%
Marshtomp
36%
Meganium
36%
Monferno
36%
Mudkip
36%
Omanyte
36%
Omastar
36%
Palkia
36%
Phanpy
36%
Pinsir
36%
Piplup
36%
Politoed
36%
Psyduck
36%
Pupitar
36%
Raticate
36%
Rattata
36%
Regirock
36%
Registeel
36%
Roserade
36%
Sceptile
36%
Seedot
36%
Seel
36%
Silcoon
36%
Slowbro
36%
Slowking
36%
Slowpoke
36%
Smoochum
36%
Spinarak
36%
Stantler
36%
Staraptor
36%
Staravia
36%
Starly
36%
Staryu
36%
Sudowoodo
36%
Swampert
36%
Tangela
36%
Teddiursa
36%
Torchic
36%
Torterra
36%
Totodile
36%
Toxicroak
36%
Treecko
36%
Tyranitar
36%
Ursaring
36%
Venomoth
36%
Venonat
36%
Weezing
36%
Wurmple
36%
Arceus
29%
Azumarill
29%
Azurill
29%
Baltoy
29%
Beldum
29%
Bidoof
29%
Blaziken
29%
Buizel
29%
Carnivine
29%
Chimecho
29%
Chinchou
29%
Claydol
29%
Combusken
29%
Cranidos
29%
Croagunk
29%
Dedenne
29%
Deino
29%
Delcatty
29%
Delibird
29%
Deoxys
29%
Ditto
29%
Donphan
29%
Electrike
29%
Emboar
29%
Emolga
29%
Exeggcute
29%
Exeggutor
29%
Feebas
29%
Floatzel
29%
Flygon
29%
Forretress
29%
Furret
29%
Galvantula
29%
Gastrodon
29%
Girafarig
29%
Glalie
29%
Glameow
29%
Golduck
29%
Granbull
29%
Greninja
29%
Grimer
29%
Groudon
29%
Hariyama
29%
Heatran
29%
Heracross
29%
Hoothoot
29%
Hoppip
29%
Huntail
29%
Hydreigon
29%
Joltik
29%
Jumpluff
29%
Koffing
29%
Kyogre
29%
Lanturn
29%
Lickilicky
29%
Lickitung
29%
Litten
29%
Lucario
29%
Luvdisc
29%
Makuhita
29%
Mantine
29%
Mantyke
29%
Marill
29%
Medicham
29%
Meditite
29%
Metagross
29%
Metang
29%
Mightyena
29%
Milotic
29%
Minun
29%
Misdreavus
29%
Mismagius
29%
Mr. Rime
29%
Muk
29%
Ninjask
29%
Noctowl
29%
Nosepass
29%
Nuzleaf
29%
Octillery
29%
Pignite
29%
Pineco
29%
Plusle
29%
Poochyena
29%
Popplio
29%
Prinplup
29%
Probopass
29%
Purugly
29%
Raikou
29%
Ralts
29%
Rayquaza
29%
Regice
29%
Regigigas
29%
Remoraid
29%
Riolu
29%
Rowlet
29%
Salamence
29%
Scorbunny
29%
Sentret
29%
Serperior
29%
Servine
29%
Shellos
29%
Shuppet
29%
Sirfetch’d
29%
Skiploom
29%
Skitty
29%
Skuntank
29%
Sneasel
29%
Snivy
29%
Snorunt
29%
Snubbull
29%
Spiritomb
29%
Stunky
29%
Suicune
29%
Sunflora
29%
Swellow
29%
Taillow
29%
Tangrowth
29%
Tauros
29%
Tepig
29%
Torkoal
29%
Turtwig
29%
Uxie
29%
Wailord
29%
Weavile
29%
Whirlipede
29%
Wobbuffet
29%
Wooper
29%
Xerneas
29%
Yanma
29%
Yanmega
29%
Yveltal
29%
Zweilous
29%
Zygarde
29%
Abomasnow
21%
Aegislash
21%
Altaria
21%
Anorith
21%
Armaldo
21%
Axew
21%
Azelf
21%
Bagon
21%
Banette
21%
Basculin
21%
Bastiodon
21%
Bibarel
21%
Bisharp
21%
Blitzle
21%
Boldore
21%
Brionne
21%
Buneary
21%
Bunnelby
21%
Burmy
21%
Camerupt
21%
Carvanha
21%
Castform
21%
Chandelure
21%
Chatot
21%
Cherrim
21%
Cherubi
21%
Chesnaught
21%
Chespin
21%
Chingling
21%
Clamperl
21%
Clawitzer
21%
Combee
21%
Corphish
21%
Corsola
21%
Cradily
21%
Crawdaunt
21%
Cryogonal
21%
Dartrix
21%
Diancie
21%
Diggersby
21%
Doublade
21%
Drifblim
21%
Drifloon
21%
Drilbur
21%
Dunsparce
21%
Dusclops
21%
Excadrill
21%
Exploud
21%
Finneon
21%
Froakie
21%
Frogadier
21%
Gabite
21%
Garchomp
21%
Gible
21%
Gigalith
21%
Gligar
21%
Gliscor
21%
Gorebyss
21%
Grumpig
21%
Gulpin
21%
Guzzlord
21%
Haxorus
21%
Hippowdon
21%
Honedge
21%
Illumise
21%
Jirachi
21%
Kecleon
21%
Krookodile
21%
Lampent
21%
Larvesta
21%
Latias
21%
Latios
21%
Lileep
21%
Lilligant
21%
Lillipup
21%
Linoone
21%
Litwick
21%
Lombre
21%
Lopunny
21%
Lotad
21%
Loudred
21%
Ludicolo
21%
Lunala
21%
Lunatone
21%
Magcargo
21%
Mamoswine
21%
Manaphy
21%
Mandibuzz
21%
Manectric
21%
Masquerain
21%
Mesprit
21%
Miltank
21%
Mothim
21%
Natu
21%
Nincada
21%
Numel
21%
Obstagoon
21%
Pachirisu
21%
Palpitoad
21%
Panpour
21%
Pansage
21%
Patrat
21%
Pawniard
21%
Pelipper
21%
Phione
21%
Pidove
21%
Piloswine
21%
Primarina
21%
Purrloin
21%
Quagsire
21%
Qwilfish
21%
Rampardos
21%
Regidrago
21%
Relicanth
21%
Reshiram
21%
Roggenrola
21%
Rotom
21%
Sableye
21%
Sandile
21%
Sawk
21%
Scolipede
21%
Scrafty
21%
Scraggy
21%
Sealeo
21%
Seviper
21%
Sharpedo
21%
Shaymin
21%
Shelgon
21%
Shelmet
21%
Shieldon
21%
Shiftry
21%
Simipour
21%
Simisage
21%
Skarmory
21%
Slaking
21%
Slakoth
21%
Slugma
21%
Smeargle
21%
Snom
21%
Snover
21%
Solgaleo
21%
Solrock
21%
Spheal
21%
Spoink
21%
Stunfisk
21%
Sunkern
21%
Surskit
21%
Swablu
21%
Swalot
21%
Swinub
21%
Tapu Bulu
21%
Tapu Fini
21%
Tapu Koko
21%
Tapu Lele
21%
Thundurus
21%
Trapinch
21%
Tropius
21%
Tympole
21%
Unfezant
21%
Unown
21%
Urshifu
21%
Vanillish
21%
Vanillite
21%
Vanilluxe
21%
Venipede
21%
Vespiquen
21%
Vibrava
21%
Victini
21%
Vigoroth
21%
Volbeat
21%
Volcarona
21%
Vullaby
21%
Wailmer
21%
Walrein
21%
Watchog
21%
Whismur
21%
Wingull
21%
Wormadam
21%
Wynaut
21%
Xatu
21%
Zacian
21%
Zamazenta
21%
Zangoose
21%
Zebstrika
21%
Zekrom
21%
Zigzagoon
21%
Absol
14%
Accelgor
14%
Alomomola
14%
Amaura
14%
Amoonguss
14%
Aromatisse
14%
Audino
14%
Aurorus
14%
Avalugg
14%
Barboach
14%
Beartic
14%
Beheeyem
14%
Bergmite
14%
Braixen
14%
Braviary
14%
Breloom
14%
Bronzong
14%
Bronzor
14%
Buzzwole
14%
Cacnea
14%
Cacturne
14%
Carbink
14%
Carracosta
14%
Celesteela
14%
Cinderace
14%
Clauncher
14%
Cobalion
14%
Cofagrigus
14%
Conkeldurr
14%
Cosmoem
14%
Cosmog
14%
Cottonee
14%
Cresselia
14%
Crustle
14%
Cubchoo
14%
Darmanitan
14%
Decidueye
14%
Deerling
14%
Delphox
14%
Dewott
14%
Drapion
14%
Druddigon
14%
Dubwool
14%
Duosion
14%
Durant
14%
Dusknoir
14%
Duskull
14%
Dwebble
14%
Eelektross
14%
Escavalier
14%
Espurr
14%
Eternatus
14%
Fennekin
14%
Ferrothorn
14%
Flabébé
14%
Floette
14%
Florges
14%
Foongus
14%
Fraxure
14%
Furfrou
14%
Garbodor
14%
Genesect
14%
Gogoat
14%
Goodra
14%
Goomy
14%
Grookey
14%
Gurdurr
14%
Hawlucha
14%
Herdier
14%
Hippopotas
14%
Hoopa
14%
Impidimp
14%
Incineroar
14%
Inkay
14%
Kartana
14%
Keldeo
14%
Klang
14%
Klefki
14%
Klink
14%
Klinklang
14%
Kricketot
14%
Kricketune
14%
Krokorok
14%
Kubfu
14%
Kyurem
14%
Landorus
14%
Liepard
14%
Litleo
14%
Lumineon
14%
Lycanroc
14%
Malamar
14%
Mareanie
14%
Mawile
14%
Meowstic
14%
Mienfoo
14%
Mienshao
14%
Nihilego
14%
Oshawott
14%
Pansear
14%
Perrserker
14%
Phantump
14%
Pikipek
14%
Pyroar
14%
Quilladin
14%
Regieleki
14%
Reuniclus
14%
Rillaboom
14%
Rockruff
14%
Rufflet
14%
Samurott
14%
Seismitoad
14%
Shedinja
14%
Shroomish
14%
Simisear
14%
Sizzlipede
14%
Skiddo
14%
Skorupi
14%
Sliggoo
14%
Sobble
14%
Solosis
14%
Spinda
14%
Spritzee
14%
Stoutland
14%
Swoobat
14%
Terrakion
14%
Throh
14%
Thwackey
14%
Timburr
14%
Tirtouga
14%
Togedemaru
14%
Tornadus
14%
Torracat
14%
Toucannon
14%
Toxapex
14%
Tranquill
14%
Trevenant
14%
Trubbish
14%
Trumbeak
14%
Tynamo
14%
Tyrantrum
14%
Tyrunt
14%
Virizion
14%
Whimsicott
14%
Whiscash
14%
Woobat
14%
Xurkitree
14%
Yamask
14%
Zeraora
14%
Zoroark
14%
Zorua
14%
Alcremie
7%
Applin
7%
Araquanid
7%
Archen
7%
Archeops
7%
Arctovish
7%
Arctozolt
7%
Barbaracle
7%
Binacle
7%
Blacephalon
7%
Blipbug
7%
Bouffalant
7%
Calyrex
7%
Centiskorch
7%
Charjabug
7%
Cinccino
7%
Coalossal
7%
Comfey
7%
Corviknight
7%
Cramorant
7%
Cufant
7%
Cursola
7%
Cutiefly
7%
Darumaka
7%
Dewpider
7%
Dottler
7%
Dracovish
7%
Dracozolt
7%
Dragalge
7%
Dragapult
7%
Drakloak
7%
Drampa
7%
Dreepy
7%
Drizzile
7%
Ducklett
7%
Duraludon
7%
Eelektrik
7%
Eldegoss
7%
Elgyem
7%
Falinks
7%
Ferroseed
7%
Flapple
7%
Fletchinder
7%
Fletchling
7%
Frillish
7%
Frosmoth
7%
Golett
7%
Golisopod
7%
Golurk
7%
Gossifleur
7%
Gothita
7%
Gothitelle
7%
Gothorita
7%
Greedent
7%
Grubbin
7%
Gumshoos
7%
Hatenna
7%
Hatterene
7%
Hattrem
7%
Heatmor
7%
Heliolisk
7%
Helioptile
7%
Inteleon
7%
Jellicent
7%
Karrablast
7%
Kommo-o
7%
Leavanny
7%
Magearna
7%
Maractus
7%
Marshadow
7%
Melmetal
7%
Meloetta
7%
Meltan
7%
Milcery
7%
Mimikyu
7%
Minccino
7%
Morelull
7%
Morgrem
7%
Morpeko
7%
Munna
7%
Musharna
7%
Naganadel
7%
Necrozma
7%
Noibat
7%
Noivern
7%
Orbeetle
7%
Oricorio
7%
Pancham
7%
Pangoro
7%
Petilil
7%
Pheromosa
7%
Polteageist
7%
Raboot
7%
Ribombee
7%
Runerigus
7%
Salandit
7%
Salazzle
7%
Sawsbuck
7%
Scatterbug
7%
Sewaddle
7%
Shuckle
7%
Sigilyph
7%
Skrelp
7%
Skwovet
7%
Slurpuff
7%
Spectrier
7%
Spewpa
7%
Stakataka
7%
Swadloon
7%
Swanna
7%
Swirlix
7%
Talonflame
7%
Toxel
7%
Vikavolt
7%
Vivillon
7%
Volcanion
7%
Wimpod
7%
Wishiwashi
7%
Wooloo
7%
Yamper
7%
Yungoos
7%
Zarude
7%
Appletun
0%
Arrokuda
0%
Barraskewda
0%
Bewear
0%
Boltund
0%
Bounsweet
0%
Bruxish
0%
Carkol
0%
Chewtle
0%
Clobbopus
0%
Copperajah
0%
Corvisquire
0%
Crabominable
0%
Crabrawler
0%
Dhelmise
0%
Drednaw
0%
Eiscue
0%
Fomantis
0%
Glastrier
0%
Gourgeist
0%
Grapploct
0%
Grimmsnarl
0%
Hakamo-o
0%
Indeedee
0%
Jangmo-o
0%
Komala
0%
Lurantis
0%
Minior
0%
Mudbray
0%
Mudsdale
0%
Nickit
0%
Oranguru
0%
Palossand
0%
Passimian
0%
Pincurchin
0%
Poipole
0%
Pumpkaboo
0%
Pyukumuku
0%
Rolycoly
0%
Rookidee
0%
Sandaconda
0%
Sandygast
0%
Shiinotic
0%
Silicobra
0%
Silvally
0%
Sinistea
0%
Steenee
0%
Stonjourner
0%
Stufful
0%
Thievul
0%
Toxtricity
0%
Tsareena
0%
Turtonator
0%
Type: Null
0%

Score Distribution

Percentile by Number Answered

Percent of People with Each Score

Your Score History

You have not taken this quiz